00949naa a22002417a 4500001001000000003000900010005001700019007000300036008003400039040005400073041000900127072002000136100001600156111009300172245006700265260003900332500012400371650001700495650002500512650002400537650002500561773012100586BR8004416BR-BrBNA20240918174633.0ta230509b bl.||||| |||| 00| 0 por d aBR-BrBNAbporcBiblioteca Nacional de Agricultura a(Pt) aL10b5213bG5141 aTundisi, A.1 a3. Simposio sobre Melhoramento Genetico de BovinoscJaboticabal, SP (Brazil)d8 Dec 19791 aAssociacao Brasileira dos Criadores de Canchim [gado de corte]3 aJaboticabal, SP (Brasil): c1980.  aAnais do 3. Simposio sobre Melhoramento Genetico de Bovinos Jaboticabal, SP (Brasil): 1980. p. 54-64 (BR8004416-AM)L10  aGADO CANCHIM aREGISTRO GENEALOGICO aMELHORAMENTO ANIMAL aINSTITUICAO AGRICOLA0 tAnais do 3. Simposio sobre Melhoramento Genetico de BovinoswL10 BR8004416gJaboticabal, SP (Brasil), 1980. p. 54-64